| 000 | 00525nam a2200157Ia 4500 | ||
|---|---|---|---|
| 008 | 240729s9999 xx 000 0 und d | ||
| 022 | _a2583-8822 | ||
| 245 | 0 | _aPandian Journal of Mathematical Sciences | |
| 260 | _aIndia | ||
| 260 | _bPandian Educational Trust (TN-32-0003213), Maheswari Publishers, (The publishing unit of PANDIAN EDUCATIONAL TRUST- TN32D0026797) | ||
| 650 | _a Mathematics | ||
| 650 | _aScience | ||
| 856 | _uhttps://doaj.org/toc/b3947af473a046b0b41e2eeebc280e72 | ||
| 942 | _2ddc | ||
| 942 | _cDOAJEJ | ||
| 999 |
_c67044 _d67044 |
||
| 945 |
_a1 _bMadushi Gamage _c1 _dMadushi Gamage |
||